Postacie historyczne według opisu z Wikipedii #3 - Statystyki

Ogólne statystyki
  • Ten quiz został rozwiązany 1 359 razy
  • Średni wynik to 7 z 15
Statystyki odpowiedzi
Opis Odpowiedź % Poprawnych
"twórca potęgi państwa starobabilońskiego, autor Kodeksu Praw." Hammurabi
88%
"Laureat Nagrody Nobla w dziedzinie literatury w 1924 za czterotomową „epopeję chłopską” Chłopi." Władysław Reymont
80%
"Obok Platona i Arystotelesa uważany za największego filozofa starożytności" Sokrates
75%
"Był jednym z najczęściej podróżujących światowych przywódców w historii, odwiedzając w czasie swojego pontyfikatu 129 państw" Jan Paweł II
72%
"25 grudnia 1926, po śmierci Yoshihito, został cesarzem (...) Był najdłużej panującym cesarzem w historii Japonii." Hirohito
65%
"W okresie jego panowania powstało wiele monumentalnych budowli, realizowanych w stylu dojrzałego baroku. Głównym z nich jest zespół pałacowo-ogrodowy w Wersalu" Ludwik XIV
62%
"Nosiła tytuły: Królowa, Nowa Bogini, Bogini Miłująca Ojca, Bogini Miłująca Ojczyznę. Była córką Ptolemeusza XII Auletesa." Kleopatra
56%
"Był pierwszym władcą Polski koronowanym w Krakowie" Władysław Łokietek
53%
"polski piłkarz występujący na pozycji bramkarza (...) Poseł na Sejm VII kadencji." Jan Tomaszewski
45%
"Zmarł 5 maja 1821 roku o godzinie 17:49, w wieku 51 lat. Przyczyny śmierci (...) nie były do końca jasne." Napoleon Bonaparte
40%
"Pomimo że reprezentanci kapitału byli mu niechętni, to poparli jego kandydaturę w wyborach w 1904 roku. [Jego] rywalem (...) z Partii Demokratycznej był Alton B. Parker." Theodore Roosevelt
37%
"Największą innowacją [jego] polityki zagranicznej (...) było détente, czyli polityka odprężenia. Strategia nie różniła się wiele od chruszczowskiej odwilży" Leonid Breżniew
30%
"13 października 1926 Prezydent RP Ignacy Mościcki mianował go dowódcą 2 Samodzielnej Brygady Kawalerii." Władysław Anders
18%
"Była pierwszą Polką utrzymującą się z własnej pracy twórczej i pedagogicznej, a także jedną z pierwszych polskich pisarek tworzących utwory dla dzieci i młodzieży." Klementyna Hoffmanowa
4%
"tyran Koryntu od 657 roku p.n.e. do swej śmierci. Obalił oligarchię Bakchiadów." Kypselos
4%
Nie znaleziono quizów pasujących do podanych kryteriów
Rozkład punktacji
Procent ludzi z każdym wynikiem
Percentyl według liczby udzielonych odpowiedzi
Twoja historia wyników
Nie rozwiązałeś tego quizu